000 01167cam a2200349 i 4500
001 33637
005 20230410103648.0
008 750913m19791977sp ab b 001 0 spa
035 _9(DLC) 75324062
035 _a4585765
010 _a 75324062
015 _a8434465221 (Obra completa)
020 _a843446523X (v.2)
040 _aDLC
_cDLC
_dDLC
043 _ae------
050 1 4 _a300 HC 240
_bH673 1979
082 0 0 _a330.9/4
245 0 0 _aHistoria económica de Europa /
_ceditor, Carlo M. Cipolla.
260 _aBarcelona :
_bAriel,
_c1979.
300 _av.<2> :
_bill., maps ;
_c22 cm.
440 0 _aAriel historia. ;
_v17
500 _aTrad. de : The Fontana economic history of Europe, the sixteenth and seventeenth centuries.
504 _aIncludes bibliographies and indexes.
505 0 _av. 2: Siglos XVI y XVII.
651 0 _aEurope
_xEconomic conditions.
651 0 _aEurope
_xEconomic conditions
_y16th century.
651 0 _aEurope
_xEconomic conditions
_y17th century.
653 _aHistoria económica
_aEuropa
_aSiglos XVI-XVII.
653 _aEuropa
_aSituación económica.
700 1 _aCipolla, Carlo M.
942 _2lcc
_cbk
999 _c23449
_d23449